الثورة الإلكترونية : التلفزيون والفيديو / (رقم التسجيلة. 52295)

تفاصيل مارك
000 -LEADER
fixed length control field 00621nam a22002057a 4500
005 - DATE AND TIME OF LATEST TRANSACTION
control field 20251108170927.0
008 - FIXED-LENGTH DATA ELEMENTS--GENERAL INFORMATION
fixed length control field 250721s1984 xx 000 0 ara d
020 ## - INTERNATIONAL STANDARD BOOK NUMBER
International Standard Book Number 2713006899
082 14 - DEWEY DECIMAL CLASSIFICATION NUMBER
Classification number ط/ 621.388/تلف
100 1# - MAIN ENTRY--PERSONAL NAME
Personal name آرفين، م
245 10 - TITLE STATEMENT
Title الثورة الإلكترونية : التلفزيون والفيديو /
264 1# - PRODUCTION, PUBLICATION, DISTRIBUTION, MANUFACTURE, AND COPYRIGHT NOTICE
Place of production, publication, distribution, manufacture باريس :
Name of producer, publisher, distributor, manufacturer دار غاما،
Date of production, publication, distribution, manufacture, or copyright notice 1984.
300 ## - PHYSICAL DESCRIPTION
Extent 27ص : مص
650 17 - SUBJECT ADDED ENTRY--TOPICAL TERM
Topical term or geographic name as entry element التلفزيون
650 17 - SUBJECT ADDED ENTRY--TOPICAL TERM
Topical term or geographic name as entry element البث التلفزيوني
650 17 - SUBJECT ADDED ENTRY--TOPICAL TERM
Topical term or geographic name as entry element الفيديو
653 ## - INDEX TERM--UNCONTROLLED
Uncontrolled term ناشئون صغار ( 10-14 سنة )
942 ## - ADDED ENTRY ELEMENTS (KOHA)
Source of classification or shelving scheme Dewey Decimal Classification
Koha item type كتب
المقتنيات
حالة السحب حالة الفقدان مصدر التصنيف حالة التلف غير قابل للإعارة المكتبة الرئيسية المكتبة الحالية موقع الرف تاريخ التزويد الرقم المتسلسل Total Checkouts رقم الإستدعاء تاريخ آخر ظهور تاريخ الفاتورة نوع المادة (كوها) الباركود
    Dewey Decimal Classification     مكتبة أم المؤمنين للأطفال مكتبة أم المؤمنين للأطفال الأطفال 28/07/2025 431308   ط/ 621.388/تلف 28/07/2025 28/07/2025 كتب 431308
    Dewey Decimal Classification Unchecked   مكتبة حمزة العامة مكتبة حمزة العامة الإعارة 06/07/2004 1936   ط/ 621.388/تلف 28/07/2025 06/07/2004 كتب  
Implemented & Customized by: BBB with SCIT (Smart Chains for Information Technology)

Powered by Koha